Statistiken für Schweizer Kantone nach Abkürzung

Klicken Sie hier um das Quiz zu spielen!

Allgemein

  • Dieses Quiz wurde 68 mal gespielt
  • Das Durchschnittsergebnis liegt bei 22 aus 26

Antwortstatistiken

AbkürzungGanzer Name% Korrekt
URUri
100%
LULuzern
98%
FRFreiburg
97%
GRGraubünden
95%
AGAargau
94%
SOSolothurn
94%
ZHZürich
92%
BEBern
90%
JUJura
89%
ZGZug
89%
GEGenf
85%
TITessin
84%
BSBasel-Stadt
82%
SZSchwyz
82%
VSWallis
82%
BLBasel-Landschaft
81%
GLGlarus
81%
AIAppenzell-Innerrhoden
79%
NENeuenburg
79%
OWObwalden
79%
SHSchaffhausen
79%
NWNidwalden
77%
ARAppenzell-Ausserrhoden
76%
VDWaadt
76%
TGThurgau
74%
SGSankt-Gallen
71%

Verteilung der Resultate

Perzentil nach korrekt beantworteten Fragen

Anzahl Personen mit jedem Resultat

Ihre Resultats-Entwicklung

Sie haben dieses Quiz noch nicht gespielt